000
00321 a2200157 4500
001
160942
020
_a
040
_c
Magnum
100
_a
Soares, Antonio Carlos
240
1
0
_a
O vilao banana
_l
por
245
1
0
_a
O vilao banana
362
0
_a
1899
440
1
_a
Ao Livro Técnico
697
_a
J/GERAL
942
_c
BK
999
_c
160942
_d
160942